000
00345nam a2200145Ia 4500
003
OSt
005
20231227104245.0
008
170524s9999 xx 000 0 und d
020
_a
9788184350555
040
_c
IIMT UNIVERSITY
100
_a
DASH- AJAY
245
0
_a
BASIC CONCEPT OF JOURNALISM
260
_b
NEW DELHI: DISCOVERY
942
_2
ddc
_c
01
999
_c
9317
_d
9317